Science Quiz

Random Science or Astronomy Quiz

Planets' Biggest Moons Quiz Stats

 Plays Quiz Updated Feb 1, 2012

Score 0/9 Timer 03:00
1 Play Today
Planet Moon % Correct
EarthThe Moon
99.2%
SaturnTitan
72.3%
JupiterGanymede
57.3%
MarsPhobos
55%
PlutoCharon
49.4%
NeptuneTriton
42.2%
UranusTitania
22.9%
ErisDysnomia
9.5%
HaumeaHi'iaka
6.8%

You're not logged in!

Compare scores with friends on all Sporcle quizzes.
OR
Log In

Sporcle TV

Today on Sporcle TV


Watch our educational content, quiz creation guides, and fun videos on Sporcle TV.

Show Comments

Extras

Top Quizzes Today


Score Distribution

Your Account Isn't Verified!

In order to create a playlist on Sporcle, you need to verify the email address you used during registration. Go to your Sporcle Settings to finish the process.

Report this User

Report this user for behavior that violates our Community Guidelines.

Details: